[Event "Oklahoma HSC op 1st"]
[Site "Oklahoma"]
[Date "2004.07.10"]
[Round "3"]
[White "Berger, Jacob V"]
[Black "Pepper, Tom"]
[Result "0-1"]
[WhiteElo "1184"]
[BlackElo "1153"]
[PlyCount "80"]
[EventDate "2004.07.09"]
[EventType "swiss"]
[EventRounds "5"]
[EventCountry "USA"]
[EventCategory "1"]
[SourceTitle "EXT 2006"]
[Source "ChessBase"]
[SourceDate "2005.11.24"]
[SourceVersion "1"]
[SourceVersionDate "2005.11.24"]
[SourceQuality "1"]

1. e4 c6 2. d4 d5 3. Bd3 dxe4 4. Bxe4 Nf6 5. Bf3 e6 6. Be2 Bd6 7. Nf3 Nbd7 8. 0-0 0-0 9. Bg5 Qb6 10. b3 h6 11. Bh4 Qc7 12. h3 Re8 13. Nbd2 b6 14. Nc4 Bb7 15. Re1 c5 16. dxc5 Bxc5 17. Bg3 Qd8 18. Nd4 Ne4 19. Kh2 Qf6 20. Nb5 Bxf2 21. Bxf2 Qxf2 22. Qxd7 Qg3+ 23. Kg1 Nc5 24. Qxb7 Nxb7 25. Nc7 Qxc7 26. Bf3 Nd6 27. Bxa8 Rxa8 28. Ne3 Qc5 29. Kh1 Nf5 30. Ng4 Rd8 31. c4 h5 32. Ne5 f6 33. Ng6 Rd2 34. Rxe6 Qf2 35. Rg1 Ng3+ 36. Kh2 Ne2 37. Rb1 Qg3+ 38. Kh1 Nd4 39. Re8+ Kf7 40. Re7+ Kxg6 0-1

[Event "Tulsa op"]
[Site "Tulsa"]
[Date "2004.01.17"]
[Round "1"]
[White "Taliaferro, Mike"]
[Black "Pepper, Tom"]
[Result "1-0"]
[WhiteElo "1874"]
[BlackElo "1100"]
[PlyCount "39"]
[EventDate "2004.01.17"]
[EventType "swiss"]
[EventRounds "5"]
[EventCountry "USA"]
[SourceTitle "EXT 2006"]
[Source "ChessBase"]
[SourceDate "2005.11.24"]
[SourceVersion "1"]
[SourceVersionDate "2005.11.24"]
[SourceQuality "1"]

1. Nf3 Nc6 2. d4 d5 3. c4 e6 4. Nc3 Nf6 5. Bg5 Be7 6. e3 a6 7. Rc1 0-0 8. cxd5 Nxd5 9. Bxe7 Ndxe7 10. Bd3 Nb4 11. Bb1 Ned5 12. e4 Nxc3 13. bxc3 Nc6 14. 0-0 b5 15. Qc2 f5 16. a4 Bb7 17. exf5 exf5 18. axb5 Na5 19. Qa2+ Rf7 20. Qxa5 1-0